000
00284nam a22001217a 4500
082
_a
658.3 NOR'P
100
_a
NORTHCOTT, C. H
_9
58494
245
_a
PERSONAL MANAGEMENT PRINCIPLES AND PRACTICE
250
_a
3RD
260
_a
LONDON
_b
SIR ISAAC
_c
1955
300
_a
427P
942
_c
BK
999
_c
568687
_d
568687